[Event "6. Torneo Aficionados Bali - Sub-2000"]
[Site "Benidorm ESP"]
[Date "2007.12.02"]
[Round "3.10"]
[White "Rocher Munoz, Jordi"]
[Black "Vazquez Rodriguez, Jorge"]
[Result "0-1"]
[WhiteElo "1910"]
[BlackElo "1863"]
[PlyCount "112"]
[EventDate "2007.11.30"]
[EventType "swiss"]
[EventRounds "9"]
[EventCountry "ESP"]
[Source "lmi"]
[SourceDate "2007.11.30"]

1. d4 Nf6 2. Nf3 Nc6 3. e3 e5 4. Nxe5 Nxe5 5. dxe5 Ne4 6. Bd3 Nc5 7. O-O d6 8.
Bb5+ c6 9. Bc4 Qh4 10. Qd4 Qxd4 11. exd4 d5 12. Be2 Ne6 13. c3 g5 14. Be3 Nf4
15. Bf3 Bh6 16. h3 Rg8 17. Bg4 Bf8 18. Bxc8 Rxc8 19. Bxf4 gxf4 20. Nd2 Rg6 21.
Kh2 Kd7 22. Rac1 h5 23. Nf3 Ke6 24. b3 Be7 25. c4 Rcg8 26. Rg1 a5 27. c5 Ra8
28. Rb1 Ra6 29. Rgc1 Ra8 30. Rc3 Rag8 31. Ne1 Kf5 32. b4 axb4 33. Rxb4 b5 34.
a4 Bd8 35. Rf3 Ba5 36. Rb1 Bxe1 37. Rxe1 Rxg2+ 38. Kh1 R2g6 39. axb5 cxb5 40.
Rb3 Rb8 41. Rc1 Rc6 42. f3 Kg5 43. Rg1+ Kh4 44. Rg7 Ra6 45. Rb2 Rb7 46. Kh2 b4
47. Rgg2 Rb8 48. Rb3 Ra3 49. Rgb2 Rba8 50. c6 Rxb3 51. Rxb3 Ra2+ 52. Kg1 Kg3
53. Kf1 Rc2 54. Rxb4 Kxf3 55. Ke1 Rxc6 56. Kd2 Kg2 0-1

[Event "6. Torneo Aficionados Bali - Sub-2000"]
[Site "Benidorm ESP"]
[Date "2007.12.02"]
[Round "3.16"]
[White "Cubillo Muñoz, Miguel"]
[Black "Gomez Peco, David"]
[Result "1-0"]
[WhiteElo "1828"]
[BlackElo "1887"]
[PlyCount "63"]
[EventDate "2007.11.30"]
[EventType "swiss"]
[EventRounds "9"]
[EventCountry "ESP"]
[Source "lmi"]
[SourceDate "2007.11.30"]

1. d4 Nf6 2. c4 g6 3. Nc3 Bg7 4. e4 d6 5. f3 O-O 6. Be3 c5 7. Nge2 cxd4 8. Nxd4
Nc6 9. Qd2 a6 10. O-O-O Nxd4 11. Bxd4 Be6 12. Kb1 Qd7 13. Nd5 Bxd5 14. cxd5 b5
15. g4 Rfc8 16. h4 Qb7 17. h5 Kf8 18. hxg6 hxg6 19. g5 Nh5 20. Bxg7+ Kxg7 21.
Qd4+ Kg8 22. Be2 Qa7 23. Qd2 Kg7 24. f4 Ng3 25. Bg4 Nxh1 26. Bxc8 Rxc8 27. Rxh1
Rg8 28. Qc3+ Kf8 29. Qc8+ Kg7 30. Rh7+ Kxh7 31. Qh3+ Kg7 32. Qh6# 1-0

[Event "6. Torneo Aficionados Bali - Sub-2000"]
[Site "Benidorm ESP"]
[Date "2007.12.02"]
[Round "3.17"]
[White "Vazquez Abad, Juan C"]
[Black "Rico Sanchez, Julio"]
[Result "1/2-1/2"]
[WhiteElo "1953"]
[BlackElo "1894"]
[PlyCount "57"]
[EventDate "2007.11.30"]
[EventType "swiss"]
[EventRounds "9"]
[EventCountry "ESP"]
[Source "lmi"]
[SourceDate "2007.11.30"]

1. d4 Nf6 2. Nf3 b6 3. g3 Bb7 4. Bg2 e6 5. O-O Be7 6. c4 O-O 7. Nc3 Ne4 8. Qc2
Nxc3 9. Qxc3 Bf6 10. Qc2 g6 11. e4 d6 12. Rd1 Qc8 13. e5 Bg7 14. Bf4 dxe5 15.
Nxe5 Bxg2 16. Kxg2 Nd7 17. Qe4 Nxe5 18. dxe5 c5 19. Rd6 Qc7 20. Rad1 Rad8 21.
b3 h6 22. h4 Rfe8 23. f3 Bf8 24. R6d3 Bg7 25. Qe3 Kh7 26. Qe4 Kg8 27. Qe3 Kh7
28. Qe4 Kg8 29. Qe3 1/2-1/2

[Event "6. Torneo Aficionados Bali - Sub-2000"]
[Site "Benidorm ESP"]
[Date "2007.12.02"]
[Round "3.20"]
[White "Pastor Briones, Jose"]
[Black "Cuadrado Lopez, Francisco Javie"]
[Result "0-1"]
[WhiteElo "1865"]
[BlackElo "2012"]
[PlyCount "43"]
[EventDate "2007.11.30"]
[EventType "swiss"]
[EventRounds "9"]
[EventCountry "ESP"]
[Source "lmi"]
[SourceDate "2007.11.30"]

1. e4 e5 2. Nf3 d6 3. Bc4 Be7 4. O-O Nf6 5. Re1 O-O 6. c3 c6 7. d4 Nbd7 8. Nbd2
b5 9. Bb3 Qc7 10. Nf1 Nb6 11. h3 c5 12. Ng3 c4 13. Bc2 g6 14. Bh6 Re8 15. d5
Bf8 16. Qd2 Bg7 17. Qg5 Qe7 18. Nh4 Bxh6 19. Qxh6 Qf8 20. Qg5 Qg7 21. Qe3 Bd7
22. f4 0-1

[Event "6. Torneo Aficionados Bali - Sub-2000"]
[Site "Benidorm ESP"]
[Date "2007.12.02"]
[Round "3.29"]
[White "Alaguero Casado, Alberto"]
[Black "Gomez, Augustin R"]
[Result "1/2-1/2"]
[WhiteElo "1844"]
[BlackElo "1988"]
[PlyCount "99"]
[EventDate "2007.11.30"]
[EventType "swiss"]
[EventRounds "9"]
[EventCountry "ESP"]
[Source "lmi"]
[SourceDate "2007.11.30"]

1. d4 Nf6 2. c4 Nc6 3. Nf3 e6 4. Nc3 Bb4 5. Qc2 d6 6. a3 Bxc3+ 7. Qxc3 a5 8.
Bg5 h6 9. Bh4 g5 10. Bg3 Ne4 11. Qc1 h5 12. Qe3 Nxg3 13. hxg3 g4 14. Nh4 Qf6
15. O-O-O a4 16. Qf4 Qxf4+ 17. gxf4 Na5 18. e3 b6 19. Be2 Ba6 20. f5 Bxc4 21.
Bxc4 Nxc4 22. fxe6 fxe6 23. g3 Ra5 24. Kc2 Rg5 25. Kc3 b5 26. Rd3 Rf8 27. Rf1
Rg7 28. e4 Rgf7 29. f4 gxf3 30. Rdxf3 Rxf3+ 31. Rxf3 Rxf3+ 32. Nxf3 Kf7 33. Nd2
Kg6 34. Nxc4 bxc4 35. Kxc4 Kg5 36. b3 Kg4 37. bxa4 Kxg3 38. a5 h4 39. a6 h3 40.
a7 h2 41. a8=Q h1=Q 42. Qg8+ Kf4 43. Qxe6 Qf1+ 44. Kb4 Qb1+ 45. Qb3 c5+ 46.
dxc5 dxc5+ 47. Kc4 Qxe4+ 48. Kxc5 Qe7+ 49. Kc4 Qe6+ 50. Kb4 1/2-1/2

[Event "6. Torneo Aficionados Bali - Sub-2000"]
[Site "Benidorm ESP"]
[Date "2007.12.02"]
[Round "3.30"]
[White "Rodriguez Marcos, Jose Ramon"]
[Black "Gimenez Blanco, Ricardo"]
[Result "1-0"]
[WhiteElo "1985"]
[BlackElo "1699"]
[PlyCount "69"]
[EventDate "2007.11.30"]
[EventType "swiss"]
[EventRounds "9"]
[EventCountry "ESP"]
[Source "lmi"]
[SourceDate "2007.11.30"]

1. e4 e5 2. Nf3 Nc6 3. Bb5 d6 4. d4 Bd7 5. dxe5 Nxe5 6. Nxe5 Bxb5 7. Qd5 dxe5
8. Qxb5+ Qd7 9. Qxb7 Rd8 10. Nc3 Bc5 11. O-O Nf6 12. Bg5 c6 13. Qxd7+ Rxd7 14.
Bxf6 gxf6 15. Rad1 Rxd1 16. Rxd1 Ke7 17. Na4 Bb6 18. Nxb6 axb6 19. f3 Rd8 20.
Rxd8 Kxd8 21. Kf2 Kd7 22. Ke3 Kd6 23. b4 b5 24. Kd3 c5 25. bxc5+ Kxc5 26. Kc3
b4+ 27. Kd3 Kb5 28. c3 Kc5 29. g4 Kb5 30. h4 h6 31. c4+ Kc5 32. h5 Kb6 33. Kc2
Kc5 34. Kb3 Kd4 35. Kxb4 1-0

[Event "6. Torneo Aficionados Bali - Sub-2000"]
[Site "Benidorm ESP"]
[Date "2007.12.02"]
[Round "3.34"]
[White "Garcia Serrano, Jose Manuel"]
[Black "Kruijf, Caspar"]
[Result "1-0"]
[WhiteElo "1865"]
[BlackElo "1972"]
[PlyCount "49"]
[EventDate "2007.11.30"]
[EventType "swiss"]
[EventRounds "9"]
[EventCountry "ESP"]
[Source "lmi"]
[SourceDate "2007.11.30"]

1. e4 e5 2. f4 Bc5 3. Nf3 d6 4. c3 Bb6 5. d4 exd4 6. cxd4 Nf6 7. Nc3 O-O 8. Be2
Re8 9. O-O Nxe4 10. Nxe4 Rxe4 11. Bd3 Re8 12. Bxh7+ Kxh7 13. Ng5+ Kg6 14. f5+
Bxf5 15. Rxf5 f6 16. Ne6 Kxf5 17. Nxd8 Rxd8 18. Qd3+ Ke6 19. Bh6 gxh6 20. Re1+
Kd7 21. Qf5+ Kc6 22. Rc1+ Bc5 23. dxc5 d5 24. a4 b6 25. Qxf6+ 1-0

[Event "6. Torneo Aficionados Bali - Sub-2000"]
[Site "Benidorm ESP"]
[Date "2007.12.02"]
[Round "3.45"]
[White "Alandete German, Lluis"]
[Black "Garcia Ruano, Juan Carlos"]
[Result "1-0"]
[WhiteElo "1695"]
[BlackElo "1948"]
[PlyCount "68"]
[EventDate "2007.11.30"]
[EventType "swiss"]
[EventRounds "9"]
[EventCountry "ESP"]
[Source "lmi"]
[SourceDate "2007.11.30"]

1. e4 e6 2. d4 d5 3. e5 c5 4. c3 Nc6 5. Nf3 Qb6 6. a3 f6 7. Bd3 fxe5 8. Nxe5
Nxe5 9. dxe5 Ne7 10. b4 c4 11. Bc2 Bd7 12. Be3 Qc7 13. f4 O-O-O 14. O-O b6 15.
Nd2 g5 16. fxg5 h6 17. g6 Rg8 18. Qh5 Be8 19. Rf6 Nxg6 20. Rxe6 Nf4 21. Qf5
Nxe6 22. Qxe6+ Bd7 23. Qxd5 Be7 24. Qa8+ Qb8 25. Qxb8+ Kxb8 26. Nxc4 Bb5 27.
Bb3 Rg4 28. Bd4 Bc6 29. Ne3 Re4 30. Bc2 Rdxd4 31. cxd4 Rxe3 32. Kf2 Rc3 33. Bf5
Bd5 34. g3 Rf3+ 1-0

[Event "6. Torneo Aficionados Bali - Sub-2000"]
[Site "Benidorm ESP"]
[Date "2007.12.02"]
[Round "3.47"]
[White "Garcia Domingo, Jose Antonio"]
[Black "Santos, Amadeu Solha"]
[Result "1/2-1/2"]
[WhiteElo "1966"]
[BlackElo "1747"]
[PlyCount "31"]
[EventDate "2007.11.30"]
[EventType "swiss"]
[EventRounds "9"]
[EventCountry "ESP"]
[Source "lmi"]
[SourceDate "2007.11.30"]

1. d4 d5 2. Nf3 Nf6 3. Bf4 Bf5 4. e3 e6 5. c4 c5 6. cxd5 Nxd5 7. Bb5+ Nd7 8.
O-O a6 9. Bxd7+ Qxd7 10. Ne5 Qc8 11. Bg3 cxd4 12. Qxd4 Bc5 13. Qh4 Be7 14. Qd4
Bc5 15. Qh4 Be7 16. Qd4 1/2-1/2

[Event "6. Torneo Aficionados Bali - Sub-2000"]
[Site "Benidorm ESP"]
[Date "2007.12.02"]
[Round "3.50"]
[White "Rodriguez Ferrer, Pablo"]
[Black "Kuenitz, Klaus"]
[Result "1-0"]
[WhiteElo "1948"]
[BlackElo "1695"]
[PlyCount "71"]
[EventDate "2007.11.30"]
[EventType "swiss"]
[EventRounds "9"]
[EventCountry "ESP"]
[Source "lmi"]
[SourceDate "2007.11.30"]

1. e4 e6 2. d4 d5 3. e5 c5 4. c3 Nc6 5. Nf3 Bd7 6. a3 f6 7. Bf4 Qc7 8. Bg3 f5
9. b4 c4 10. Be2 Be7 11. Nbd2 g5 12. h3 O-O-O 13. Qc2 h5 14. h4 f4 15. Bh2 g4
16. Ng5 Rf8 17. Qg6 Bxg5 18. Qxg5 Qd8 19. Bxf4 Nge7 20. Bg3 Rhg8 21. Qxh5 Be8
22. Qh6 Bd7 23. Nf1 Nf5 24. Qd2 Nce7 25. Bf4 Qe8 26. Bg5 Qh5 27. O-O-O Rf7 28.
Nh2 Nxh4 29. Bxh4 Qxh4 30. Nxg4 Qg5 31. Qxg5 Rxg5 32. g3 Ba4 33. Rh8+ Kd7 34.
Rdh1 Rxg4 35. Bxg4 Rxf2 36. R8h2 1-0

[Event "6. Torneo Aficionados Bali - Sub-2000"]
[Site "Benidorm ESP"]
[Date "2007.12.02"]
[Round "3.51"]
[White "Perez Garcia, Jose Miguel"]
[Black "Febrero Perez, Lluis"]
[Result "1-0"]
[WhiteElo "1922"]
[BlackElo "1622"]
[PlyCount "43"]
[EventDate "2007.11.30"]
[EventType "swiss"]
[EventRounds "9"]
[EventCountry "ESP"]
[Source "lmi"]
[SourceDate "2007.11.30"]

1. d4 Nc6 2. c4 e6 3. a3 Nf6 4. Nf3 g6 5. Nc3 Bg7 6. e4 d6 7. Bg5 Ne7 8. Be2
O-O 9. Qd2 Re8 10. Bh6 Bh8 11. O-O c5 12. Rad1 Nd7 13. Nb5 Qb6 14. dxc5 dxc5
15. Qc1 Qc6 16. Nd6 Rd8 17. Ng5 Ne5 18. f4 Rxd6 19. fxe5 Rxd1 20. Qxd1 Bxe5 21.
Qd8+ Qe8 22. Qxe8# 1-0

[Event "6. Torneo Aficionados Bali - Sub-2000"]
[Site "Benidorm ESP"]
[Date "2007.12.02"]
[Round "3.53"]
[White "Martin Manzano, Antonio"]
[Black "Jonckers, Marie-Jeanne"]
[Result "1-0"]
[WhiteElo "1992"]
[BlackElo "1683"]
[PlyCount "38"]
[EventDate "2007.11.30"]
[EventType "swiss"]
[EventRounds "9"]
[EventCountry "ESP"]
[Source "lmi"]
[SourceDate "2007.11.30"]

1. e4 e5 2. f4 d6 3. Nf3 Bg4 4. Bc4 exf4 5. d4 Be7 6. Bxf4 Nf6 7. Nc3 O-O 8.
Qe2 Nc6 9. O-O-O a6 10. h3 Bh5 11. g4 Bg6 12. e5 dxe5 13. dxe5 Nd7 14. e6 fxe6
15. Bxe6+ Kh8 16. Rxd7 Qe8 17. Nd5 Rxf4 18. Nxf4 Bf7 19. Nd5 Rd8 1-0

[Event "6. Torneo Aficionados Bali - Sub-2000"]
[Site "Benidorm ESP"]
[Date "2007.12.02"]
[Round "3.54"]
[White "Ruiz Alonso, Carlos"]
[Black "Dimitrijevic, Dragan"]
[Result "0-1"]
[WhiteElo "1680"]
[BlackElo "1970"]
[PlyCount "22"]
[EventDate "2007.11.30"]
[EventType "swiss"]
[EventRounds "9"]
[EventCountry "ESP"]
[Source "lmi"]
[SourceDate "2007.11.30"]

1. e4 c5 2. Nf3 e6 3. d4 cxd4 4. Nxd4 Nf6 5. Bd3 Nc6 6. Be3 d5 7. exd5 Nxd5 8.
Nxc6 bxc6 9. Bd2 Qb6 10. b3 Qd4 11. c4 Nb4 0-1

[Event "6. Torneo Aficionados Bali - Sub-2000"]
[Site "Benidorm ESP"]
[Date "2007.12.02"]
[Round "3.55"]
[White "Carrascosa Campos, Juan Luis"]
[Black "Meler Plana, Jeronimo"]
[Result "1-0"]
[WhiteElo "1935"]
[BlackElo "1736"]
[PlyCount "31"]
[EventDate "2007.11.30"]
[EventType "swiss"]
[EventRounds "9"]
[EventCountry "ESP"]
[Source "lmi"]
[SourceDate "2007.11.30"]

1. d4 d5 2. e4 dxe4 3. f3 Nf6 4. Nc3 c6 5. fxe4 e6 6. Nf3 Nbd7 7. Bd3 Bb4 8.
O-O Bxc3 9. bxc3 O-O 10. e5 Nd5 11. Bxh7+ Kxh7 12. Ng5+ Kg6 13. Qd3+ f5 14.
exf6+ Kh5 15. Qh7+ Kg4 16. Qh3# 1-0

[Event "6. Torneo Aficionados Bali - Sub-2000"]
[Site "Benidorm ESP"]
[Date "2007.12.02"]
[Round "3.57"]
[White "Fuset Torralba, Jose Luis"]
[Black "Franco Arroyo, Fernando"]
[Result "1-0"]
[WhiteElo "1884"]
[BlackElo "1985"]
[PlyCount "36"]
[EventDate "2007.11.30"]
[EventType "swiss"]
[EventRounds "9"]
[EventCountry "ESP"]
[Source "lmi"]
[SourceDate "2007.11.30"]

1. e4 e5 2. Nf3 d6 3. d4 Nd7 4. Bc4 Be7 5. Nc3 c6 6. a4 Ngf6 7. O-O O-O 8. Bb3
Qc7 9. h3 exd4 10. Nxd4 Nc5 11. Ba2 Ncxe4 12. Nxe4 Nxe4 13. Re1 d5 14. Qe2 Bf6
15. c3 Bh4 16. Rf1 Be7 17. Nf3 Bf6 18. Be3 Rd8 1-0

[Event "6. Torneo Aficionados Bali - Sub-2000"]
[Site "Benidorm ESP"]
[Date "2007.12.02"]
[Round "3.58"]
[White "Maza Broto, Pablo"]
[Black "Candela Ibarra, Antonio"]
[Result "1-0"]
[WhiteElo "1949"]
[BlackElo "1903"]
[PlyCount "67"]
[EventDate "2007.11.30"]
[EventType "swiss"]
[EventRounds "9"]
[EventCountry "ESP"]
[Source "lmi"]
[SourceDate "2007.11.30"]

1. e4 d6 2. d4 Nf6 3. Nc3 g6 4. f4 e6 5. Nf3 Bg7 6. Be2 O-O 7. h3 Nh5 8. g4 Ng3
9. Rg1 Nxe2 10. Qxe2 c5 11. Be3 cxd4 12. Nxd4 Qb6 13. O-O-O Rd8 14. Nxe6 Qa5
15. Nxd8 Qxd8 16. e5 Qa5 17. Qb5 Nc6 18. Qxa5 Nxa5 19. Rxd6 Be6 20. Rgd1 Nc6
21. Ne4 Bf8 22. Nf6+ Kg7 23. Rxe6 fxe6 24. Rd7+ Be7 25. Bc5 Kf8 26. Bxe7+ Nxe7
27. Nxh7+ Kf7 28. Ng5+ Ke8 29. Rxb7 Rc8 30. Rxa7 Nd5 31. Nxe6 Rc4 32. b3 Re4
33. a4 Ne3 34. Rg7 1-0

[Event "6. Torneo Aficionados Bali - Sub-2000"]
[Site "Benidorm ESP"]
[Date "2007.12.02"]
[Round "3.59"]
[White "Sogues Tena, Pilar"]
[Black "Picazo Gonzalez, Alejandro"]
[Result "0-1"]
[WhiteElo "1636"]
[BlackElo "1858"]
[PlyCount "57"]
[EventDate "2007.11.30"]
[EventType "swiss"]
[EventRounds "9"]
[EventCountry "ESP"]
[Source "lmi"]
[SourceDate "2007.11.30"]

1. e4 e5 2. Nf3 Nc6 3. Bb5 Nf6 4. O-O Nxe4 5. d4 Nd6 6. Bxc6 dxc6 7. Nxe5 Be7
8. c3 O-O 9. Nd2 Be6 10. Re1 a5 11. a4 Nf5 12. Ne4 f6 13. Nd3 b6 14. Nf4 Bf7
15. Qe2 Re8 16. Qf3 Nh4 17. Qg3 Ng6 18. Nxg6 Bxg6 19. Bf4 Qd5 20. f3 f5 21. Ng5
Bd6 22. Nh3 c5 23. Rad1 Qc6 24. d5 Rxe1+ 25. Qxe1 Qxa4 26. Qe6+ Bf7 27. Qe2
Bxf4 28. Nxf4 Qxf4 29. g3 0-1

[Event "6. Torneo Aficionados Bali - Sub-2000"]
[Site "Benidorm ESP"]
[Date "2007.12.03"]
[Round "4.1"]
[White "Garcia Sanchez, Jose Manuel"]
[Black "Hajenius, Willem"]
[Result "1-0"]
[WhiteElo "1929"]
[BlackElo "1998"]
[PlyCount "93"]
[EventDate "2007.11.30"]
[EventType "swiss"]
[EventRounds "9"]
[EventCountry "ESP"]
[Source "lmi"]
[SourceDate "2007.11.30"]

1. e4 c5 2. Nf3 e6 3. d4 cxd4 4. Nxd4 Nf6 5. Nc3 Nc6 6. Be3 Bb4 7. Bd3 d5 8.
O-O Bxc3 9. bxc3 dxe4 10. Bb5 Bd7 11. Qe2 e5 12. Nxc6 bxc6 13. Bc4 Qa5 14. Bg5
Bf5 15. Bxf6 gxf6 16. Rad1 Rd8 17. Rxd8+ Qxd8 18. Rd1 Qe7 19. Ba6 O-O 20. Rb1
Qd6 21. Rd1 Qc5 22. Qe3 Qa5 23. Bc4 Rd8 24. Rxd8+ Qxd8 25. Qxa7 Qd1+ 26. Bf1
Qxc2 27. a4 Qxc3 28. a5 Qd4 29. Qa8+ Kg7 30. Qxc6 e3 31. Qf3 exf2+ 32. Qxf2
Qxf2+ 33. Kxf2 Bd7 34. Bd3 f5 35. a6 e4 36. a7 Bc6 37. Bb5 Ba8 38. Ke3 Kf6 39.
Kf4 h6 40. g3 Bb7 41. Bd7 e3 42. Bb5 Ke6 43. Bc4+ Kd6 44. Kxe3 Kc5 45. Bxf7 Kb6
46. Kf4 Kxa7 47. Kxf5 1-0

[Event "6. Torneo Aficionados Bali - Sub-2000"]
[Site "Benidorm ESP"]
[Date "2007.12.03"]
[Round "4.2"]
[White "Ruiz Ureta, Ernesto"]
[Black "Bendayan Claros, Aaron"]
[Result "1-0"]
[WhiteElo "1995"]
[BlackElo "1922"]
[PlyCount "71"]
[EventDate "2007.11.30"]
[EventType "swiss"]
[EventRounds "9"]
[EventCountry "ESP"]
[Source "lmi"]
[SourceDate "2007.11.30"]

1. e4 c6 2. Nf3 d5 3. exd5 Qxd5 4. Nc3 Qa5 5. Be2 Nf6 6. d4 Bf5 7. O-O Nbd7 8.
Bf4 e6 9. a3 Be7 10. b4 Qd8 11. h3 O-O 12. Bd3 Bxd3 13. Qxd3 Nd5 14. Bg3 Bf6
15. Ne4 Be7 16. c4 N5f6 17. Rfd1 Nxe4 18. Qxe4 Nf6 19. Qe2 a5 20. Rab1 axb4 21.
axb4 Ra4 22. b5 Bd6 23. Ne5 cxb5 24. Rxb5 Qc7 25. c5 Bxe5 26. Bxe5 Qc6 27. Bxf6
gxf6 28. Rb3 Kh8 29. Rg3 Rg8 30. Rxg8+ Kxg8 31. Qg4+ Kf8 32. Qh4 e5 33. Qh6+
Ke7 34. dxe5 Qe6 35. exf6+ Qxf6 36. Rd7+ 1-0

[Event "6. Torneo Aficionados Bali - Sub-2000"]
[Site "Benidorm ESP"]
[Date "2007.12.03"]
[Round "4.4"]
[White "Stamenov, Valeri"]
[Black "Cubillo Muñoz, Miguel"]
[Result "1/2-1/2"]
[WhiteElo "1965"]
[BlackElo "1828"]
[PlyCount "57"]
[EventDate "2007.11.30"]
[EventType "swiss"]
[EventRounds "9"]
[EventCountry "ESP"]
[Source "lmi"]
[SourceDate "2007.11.30"]

1. e4 c5 2. c3 d5 3. exd5 Qxd5 4. d4 Nc6 5. Nf3 Bg4 6. Be2 Rd8 7. O-O cxd4 8.
cxd4 Bxf3 9. Bxf3 Qxd4 10. Qb3 Qb6 11. Qxb6 axb6 12. Be3 e6 13. Bxb6 Rd7 14.
Nc3 Ne5 15. Be2 Nf6 16. Bb5 Nc6 17. Rad1 Bb4 18. Rxd7 Nxd7 19. Bxc6 bxc6 20.
Na4 Ke7 21. Bd4 Ra8 22. b3 e5 23. Be3 f5 24. f3 Nf6 25. Rc1 Nd5 26. Bc5+ Bxc5+
27. Rxc5 Kd6 28. Rc2 g5 29. Rd2 1/2-1/2

[Event "6. Torneo Aficionados Bali - Sub-2000"]
[Site "Benidorm ESP"]
[Date "2007.12.03"]
[Round "4.11"]
[White "Loerke, Reinhard"]
[Black "Perez Ferris, Miguel"]
[Result "0-1"]
[WhiteElo "1995"]
[BlackElo "1935"]
[PlyCount "82"]
[EventDate "2007.11.30"]
[EventType "swiss"]
[EventRounds "9"]
[EventCountry "ESP"]
[Source "lmi"]
[SourceDate "2007.11.30"]

1. e4 c6 2. d4 d5 3. e5 Bf5 4. g4 Be4 5. f3 Bg6 6. h4 h5 7. Bd3 Bxd3 8. Qxd3
Qd7 9. g5 g6 10. Nh3 e6 11. b3 c5 12. Bb2 Nc6 13. c3 Rc8 14. Nd2 cxd4 15. Rd1
dxc3 16. Bxc3 Nge7 17. Ne4 Ng8 18. O-O Rc7 19. Nd6+ Bxd6 20. exd6 Qxd6 21. f4
d4 22. Qe4 Nge7 23. Bxd4 Nxd4 24. Rxd4 Qc5 25. b4 Qb6 26. Rf2 O-O 27. Kh2 Nf5
28. Rdd2 Nxh4 29. Ng1 Rd7 30. Rxd7 Qxf2+ 31. Kh1 Nf5 32. Qg2 Qxf4 33. Rxb7 Rd8
34. Qf3 Qd2 35. Rxa7 Rd3 36. Ra8+ Kg7 37. Qg2 Qf4 38. Qb2+ e5 39. Ne2 Rd1+ 40.
Kg2 Qf1+ 41. Kh2 Qh1# 0-1

[Event "6. Torneo Aficionados Bali - Sub-2000"]
[Site "Benidorm ESP"]
[Date "2007.12.03"]
[Round "4.13"]
[White "Buscaglia, Claudio"]
[Black "Berenguer Martinez, Cruz Manuel"]
[Result "1-0"]
[WhiteElo "1991"]
[BlackElo "1927"]
[PlyCount "59"]
[EventDate "2007.11.30"]
[EventType "swiss"]
[EventRounds "9"]
[EventCountry "ESP"]
[Source "lmi"]
[SourceDate "2007.11.30"]

1. b3 d6 2. Bb2 e5 3. g3 Nc6 4. Bg2 Nf6 5. e3 Be7 6. Ne2 Rb8 7. d4 exd4 8. Nxd4
Nxd4 9. Qxd4 b6 10. Qa4+ Bd7 11. Qxa7 d5 12. O-O Qc8 13. Be5 Kd8 14. Nc3 Ra8
15. Bxc7+ Ke8 16. Qxb6 Be6 17. Nxd5 Nxd5 18. Qc6+ Kf8 19. Bxd5 Ra6 20. Bxe6
fxe6 21. Qf3+ Ke8 22. Be5 Rg8 23. Qh5+ Kf8 24. Qxh7 Ra5 25. Qh5 Qc5 26. Qf3+
Ke8 27. b4 Qxb4 28. Rab1 Qd2 29. Rb8+ Bd8 30. Rd1 1-0

[Event "6. Torneo Aficionados Bali - Sub-2000"]
[Site "Benidorm ESP"]
[Date "2007.12.03"]
[Round "4.15"]
[White "Alvarez Morales, Miguel"]
[Black "Meruvia, Juan"]
[Result "1-0"]
[WhiteElo "1925"]
[BlackElo "1983"]
[PlyCount "63"]
[EventDate "2007.11.30"]
[EventType "swiss"]
[EventRounds "9"]
[EventCountry "ESP"]
[Source "lmi"]
[SourceDate "2007.11.30"]

1. e4 e5 2. Nf3 Nc6 3. Bb5 a6 4. Bxc6 dxc6 5. Nc3 Qd6 6. d4 exd4 7. Qxd4 Qxd4
8. Nxd4 Bd7 9. Be3 O-O-O 10. O-O-O Ne7 11. Nb3 b6 12. Nd4 Ng6 13. h3 Bd6 14.
Nde2 c5 15. Nd5 Be6 16. f3 Kb7 17. Kb1 Rhe8 18. h4 Bf8 19. h5 Ne5 20. Nec3 h6
21. Nf4 Nc4 22. Rxd8 Rxd8 23. Rd1 Rxd1+ 24. Nxd1 Bd6 25. Bc1 Ne5 26. Nd3 Nd7
27. Ne3 b5 28. Nf5 Bf8 29. Bf4 c4 30. Ne5 Nxe5 31. Bxe5 f6 32. Bf4 1-0

[Event "6. Torneo Aficionados Bali - Sub-2000"]
[Site "Benidorm ESP"]
[Date "2007.12.03"]
[Round "4.19"]
[White "Gomez Lopez, Pedro"]
[Black "Garcia Serrano, Jose Manuel"]
[Result "0-1"]
[WhiteElo "1964"]
[BlackElo "1867"]
[PlyCount "84"]
[EventDate "2007.11.30"]
[EventType "swiss"]
[EventRounds "9"]
[EventCountry "ESP"]
[Source "lmi"]
[SourceDate "2007.11.30"]

1. e4 e5 2. Nf3 Nc6 3. Bb5 a6 4. Bxc6 dxc6 5. O-O Bg4 6. h3 h5 7. d3 Qf6 8.
Nbd2 b5 9. Qe1 Bc5 10. d4 exd4 11. e5 Qg6 12. Nh4 Qxc2 13. hxg4 hxg4 14. g3 g5
15. Qe4 Qxe4 16. Nxe4 gxh4 17. Nxc5 Ne7 18. gxh4 Nf5 19. Bg5 Nxh4 20. Bxh4 Rxh4
21. e6 fxe6 22. Nxe6 Kd7 23. Nc5+ Kd6 24. Ne4+ Kd5 25. Ng3 c5 26. Rad1 c4 27.
Rxd4+ Kxd4 28. Nf5+ Kd3 29. Nxh4 Kc2 30. Re1 Kxb2 31. Re2+ Ka3 32. Rc2 Rd8 33.
Ng2 Rd1+ 34. Kh2 Ra1 35. Kg3 Rxa2 36. Ne3 Rxc2 37. Nxc2+ Kb2 38. Ne3 a5 39.
Kxg4 a4 40. f4 a3 41. f5 a2 42. Nd1+ Kc1 0-1

[Event "6. Torneo Aficionados Bali - Sub-2000"]
[Site "Benidorm ESP"]
[Date "2007.12.03"]
[Round "4.20"]
[White "Gutierrez Leon, Cristobal"]
[Black "Vazquez Abad, Juan C"]
[Result "1/2-1/2"]
[WhiteElo "1963"]
[BlackElo "1863"]
[PlyCount "66"]
[EventDate "2007.11.30"]
[EventType "swiss"]
[EventRounds "9"]
[EventCountry "ESP"]
[Source "lmi"]
[SourceDate "2007.11.30"]

1. Nf3 c5 2. b3 Nc6 3. Bb2 d6 4. e3 Nf6 5. Bb5 Qb6 6. c4 a6 7. Bxc6+ Qxc6 8. h3
e5 9. d3 g6 10. O-O Bg7 11. e4 O-O 12. Nc3 Be6 13. Ng5 Nh5 14. Nxe6 fxe6 15.
Ne2 Rf7 16. Qd2 Raf8 17. Qg5 Qc7 18. Qg4 Qe7 19. Rad1 Bh6 20. Bc1 Bxc1 21. Rxc1
Nf4 22. Nxf4 Rxf4 23. Qg3 Kg7 24. Rb1 a5 25. a3 d5 26. Qe3 dxe4 27. dxe4 Rd8
28. g3 Rff8 29. Qc3 Qc7 30. b4 axb4 31. axb4 b6 32. bxc5 bxc5 33. Rb5 Rd4
1/2-1/2

[Event "6. Torneo Aficionados Bali - Sub-2000"]
[Site "Benidorm ESP"]
[Date "2007.12.03"]
[Round "4.21"]
[White "Rico Sanchez, Julio"]
[Black "Gutierrez Lanzarote, Alfonso"]
[Result "1/2-1/2"]
[WhiteElo "1960"]
[BlackElo "1982"]
[PlyCount "73"]
[EventDate "2007.11.30"]
[EventType "swiss"]
[EventRounds "9"]
[EventCountry "ESP"]
[Source "lmi"]
[SourceDate "2007.11.30"]

1. d4 Nf6 2. c4 g6 3. Nc3 Bg7 4. e4 d6 5. f3 Nc6 6. Nge2 O-O 7. Bg5 h6 8. Be3
e5 9. d5 Na5 10. Nc1 b6 11. b4 Nb7 12. Nb3 Nd7 13. Qd2 Kh7 14. Bd3 f5 15. exf5
gxf5 16. g4 e4 17. fxe4 Ne5 18. O-O-O fxg4 19. Kc2 a5 20. a3 Bd7 21. Rdf1 Nf3
22. Qc1 axb4 23. axb4 Qe7 24. Kd1 Qe5 25. Rxf3 Rxf3 26. Ke2 Qh5 27. Nd4 Bxd4
28. Bxd4 Qh3 29. Rf1 Rxd3 30. Rf7+ Kg6 31. Rf6+ Kh7 32. Rf7+ Kg8 33. Rg7+ Kh8
34. Rg6+ Kh7 35. Rg7+ Kh8 36. Rg6+ Kh7 37. Rg7+ 1/2-1/2